Geography Quiz

Random Geography or World Quiz

Bodies of Water Quiz Stats

Quiz Updated May 29, 2015

Challenge
Share
Tweet
Score 0/40 Timer 12:00
4 Plays Today
% Correct
Atlantic Ocean
97.6%
Mediterranean Sea
88.4%
Pacific Ocean
86.4%
Caribbean Sea
81%
Arctic Ocean
79%
North Sea
78.5%
Dead Sea
75.8%
Southern Ocean
75.3%
Indian Ocean
75.2%
Gulf of Mexico
71.7%
Black Sea
71.2%
Sea of Japan
68.9%
Adriatic Sea
63%
South China Sea
62.8%
Irish Sea
60.9%
Baltic Sea
59.5%
Red Sea
58.4%
Aegean Sea
56.4%
Arabian Sea
51.7%
Caspian Sea
51.6%
% Correct
Lake Superior
51.4%
Persian Gulf
45.7%
Hudson Bay
43.5%
Bay of Biscay
35.3%
Lake Baikal
35.1%
Lake Nicaragua
31.6%
Lake Chad
29.8%
Gulf of Aden
29.7%
Lake Victoria
27.7%
Aral Sea
26.2%
Bay of Bengal
24.2%
Tyrrhenian Sea
21.1%
Sea of Marmara
17.8%
Lake Malawi
15.6%
Lake Titicaca
15.5%
Great Slave Lake
14.2%
Lake Tanganyika
11.7%
Great Salt Lake
8.4%
Yellow Sea
7.8%
Lake Balkhash
7.7%

You're not logged in!

Compare scores with friends on all Sporcle quizzes.
Sign Up with Email
OR
Log In

You Might Also Like...

Show Comments

Extras

Top Quizzes Today


Score Distribution

Your Account Isn't Verified!

In order to create a playlist on Sporcle, you need to verify the email address you used during registration. Go to your Sporcle Settings to finish the process.